000 01388nam a22002057a 4500
999 _c3562
_d3562
005 20240223110242.0
008 240223b ||||| |||| 00| 0 eng d
020 _a9781444963441
040 _cKH8
082 _a823.92 MAN
100 _aMandanna, Sangu
_eAuthor
245 _aKiki Kallira breaks a kingdom
_cSangu Mandanna
260 _aLondon,
_bHodder Children's Books,
_c2021
300 _a1 volume ;
_b20 cm
520 _a"Kiki Kallira has always been a worrier. Did she lock the front door? Is there a terrible reason her mum is late? Recently her anxiety has been getting out of control, but one thing that has always soothed her is drawing. Kiki's sketchbook is full of fantastical doodles of the Hindu myths and legends her mother has told her since she was tiny. One day, her sketchbook's calming effect is broken when her mythological characters begin springing to life and Kiki is pulled into the mystical world she drew. There, she discovers the band of rebel kids who protect the kingdom, as well as an ancient, monstrous god bent on total destruction. Kiki must overcome her fear and anxiety to save both worlds - the real and the imagined - from his wrath. But how can a girl armed with only a pencil defeat something so powerful?"--Publisher's description
650 _aAnxiety
650 _aChildren's stories
650 _aFantasy fiction
942 _2ddc
_cFIC